[Event "ARG-ch U20"]
[Site "Buenos Aires"]
[Date "2023.02.19"]
[Round "6"]
[White "Bosco, Giuliana"]
[Black "Minvielle, Nehuen Alexis"]
[Result "1-0"]
[WhiteElo "1893"]
[BlackElo "1912"]
[PlyCount "71"]
[EventDate "2023.02.17"]
[EventType "swiss"]
[EventRounds "9"]
[EventCountry "ARG"]
[SourceTitle "EXT 2024"]
[Source "ChessBase"]
[SourceDate "2023.10.10"]
[SourceVersion "1"]
[SourceVersionDate "2023.10.10"]
[SourceQuality "1"]

1. e4 c5 2. Nc3 a6 3. g3 b5 4. Bg2 Bb7 5. d3 e6 6. f4 d5 7. f5 d4 8. fxe6 fxe6 9. Nb1 Nf6 10. Nh3 e5 11. 0-0 Bd6 12. Bg5 0-0 13. Nd2 Nbd7 14. Nf3 Rc8 15. Nh4 c4 16. Nf5 Nc5 17. Nf2 Qc7 18. Ng4 Ncd7 19. Bh3 Rce8 20. Nxg7 Kxg7 21. Nxf6 Nxf6 22. Bxf6+ Rxf6 23. Rxf6 Kxf6 24. Qg4 Bf8 25. Rf1+ Ke7 26. Qg8 Kd6 27. Rxf8 Re7 28. Rf6+ Kc5 29. a3 Bc6 30. dxc4 bxc4 31. Bf1 Qd7 32. Qxc4+ Kb6 33. Qxa6+ Kc7 34. Qa5+ Kb8 35. Rf8+ Re8 36. Qxe5+ 1-0